[Event "POL-ch blitz"]
[Site "Suwalki"]
[Date "2022.09.24"]
[Round "12"]
[White "Ryszkiewicz, Adam"]
[Black "Budrewicz, Krzysztof"]
[Result "0-1"]
[WhiteElo "1954"]
[BlackElo "2192"]
[PlyCount "106"]
[EventDate "2022.09.24"]
[EventType "swiss (blitz)"]
[EventRounds "15"]
[EventCountry "POL"]
[SourceTitle "CBM 210 Extra"]
[Source "ChessBase"]
[SourceDate "2022.11.30"]
[SourceVersion "1"]
[SourceVersionDate "2022.11.30"]
[SourceQuality "1"]

1. e4 Nc6 2. Nf3 d5 3. exd5 Qxd5 4. Nc3 Qh5 5. Be2 Bg4 6. d3 Nf6 7. Be3 0-0-0 8. Qd2 e5 9. Ng5 Bb4 10. f3 Be6 11. a3 Ba5 12. Nxe6 fxe6 13. 0-0 Qg6 14. b4 Bb6 15. Bxb6 axb6 16. Qe3 Nd5 17. Nxd5 exd5 18. b5 Nb8 19. a4 Rhe8 20. a5 h6 21. axb6 Qxb6 22. Qxb6 cxb6 23. Ra4 Kc7 24. d4 exd4 25. Bd3 Nd7 26. Rxd4 Nc5 27. Rd1 Ne6 28. Rg4 Re7 29. Bf5 Nc5 30. Rgd4 Re5 31. Bh3 Re2 32. c4 Re5 33. cxd5 Kd6 34. Kf2 Ra8 35. R4d2 Ra5 36. Rd4 Rxb5 37. f4 Rb2+ 38. Kg3 Re3+ 39. Kh4 b5 40. Kh5 b4 41. Kg6 Re7 42. Bf5 Rxg2+ 43. Kh5 Rf7 44. Bg4 b3 45. h3 Rf2 46. f5 Re7 47. Kg6 b2 48. Rb1 Nd7 49. Rb4 Ne5+ 50. Kh5 Nd3 51. Rb6+ Kc5 52. Rb3 Kc4 53. Kg6 Kxb3 0-1

[Event "Bialystok op-B"]
[Site "Bialystok"]
[Date "2010.11.??"]
[Round "9"]
[White "Borawski, Jakub"]
[Black "Ryszkiewicz, Adam"]
[Result "0-1"]
[WhiteElo "1867"]
[BlackElo "1939"]
[PlyCount "32"]
[EventDate "2010.11.??"]
[EventType "swiss"]
[EventRounds "9"]
[EventCountry "POL"]
[SourceTitle "EXT 2014"]
[Source "ChessBase"]
[SourceDate "2013.11.20"]
[SourceVersion "1"]
[SourceVersionDate "2013.11.20"]
[SourceQuality "1"]

1. e3 d5 2. b3 e5 3. Bb2 Bd6 4. f4 Nc6 5. Bb5 Qe7 6. Nf3 f6 7. Bxc6+ bxc6 8. fxe5 fxe5 9. Nxe5 Nf6 10. Nf3 0-0 11. Nc3 Ba6 12. Ne2 Ng4 13. h3 Rxf3 14. hxg4 Rf7 15. c4 Raf8 16. Qc2 Qh4+ 0-1

[Event "Suwalki op"]
[Site "Suwalki"]
[Date "2009.12.29"]
[Round "8"]
[White "Kalejta, Arkadiusz"]
[Black "Ryszkiewicz, Adam"]
[Result "0-1"]
[WhiteElo "1636"]
[BlackElo "1900"]
[PlyCount "36"]
[EventDate "2009.12.27"]
[EventType "swiss"]
[EventRounds "9"]
[EventCountry "POL"]
[SourceTitle "CBM 134 Extra"]
[Source "ChessBase"]
[SourceDate "2010.03.03"]
[SourceVersion "1"]
[SourceVersionDate "2010.03.03"]
[SourceQuality "1"]

1. e4 c5 2. Nc3 Nc6 3. g3 d6 4. Bg2 g6 5. d3 Bg7 6. f4 e6 7. Nf3 Nge7 8. 0-0 0-0 9. Be3 b6 10. d4 Bb7 11. dxc5 dxc5 12. e5 Nd5 13. Nxd5 exd5 14. c3 Qe7 15. Qc2 Rad8 16. Rad1 f6 17. exf6 Bxf6 18. Qa4 Qxe3+ 0-1

[Event "Suwalki op"]
[Site "Suwalki"]
[Date "2009.12.27"]
[Round "2"]
[White "Ryszkiewicz, Adam"]
[Black "Lada, Michal"]
[Result "1-0"]
[WhiteElo "1900"]
[BlackElo "1655"]
[PlyCount "129"]
[EventDate "2009.12.27"]
[EventType "swiss"]
[EventRounds "9"]
[EventCountry "POL"]
[SourceTitle "CBM 134 Extra"]
[Source "ChessBase"]
[SourceDate "2010.03.03"]
[SourceVersion "1"]
[SourceVersionDate "2010.03.03"]
[SourceQuality "1"]

1. e4 c6 2. d4 d5 3. exd5 cxd5 4. c4 Nf6 5. Nc3 e6 6. Nf3 Bb4 7. a3 Bxc3+ 8. bxc3 Ne4 9. Bd2 dxc4 10. Bxc4 Qc7 11. Bd3 Nxd2 12. Qxd2 0-0 13. 0-0 Nd7 14. Rfc1 b6 15. Be4 Rb8 16. c4 Nf6 17. Qe2 Nxe4 18. Qxe4 Bb7 19. Qd3 Bxf3 20. Qxf3 Rfd8 21. Qe4 Rd6 22. Ra2 Rbd8 23. Rd2 Qd7 24. c5 Rc6 25. h3 bxc5 26. Rdc2 Qd5 27. Qxd5 Rxd5 28. Rxc5 Rdxc5 29. dxc5 Kf8 30. Rb1 Rc7 31. Rb5 Ke7 32. Kf1 Kd7 33. Ke2 Kc6 34. Ra5 Rd7 35. Ke3 f6 36. f4 h5 37. g4 hxg4 38. hxg4 Re7 39. Kd4 e5+ 40. fxe5 fxe5+ 41. Ke4 g5 42. a4 Kb7 43. c6+ Kxc6 44. Rxe5 Rg7 45. Kf5 Kb6 46. Kf6 Rc7 47. Kxg5 Rc4 48. a5+ Kc6 49. Kf5 Kd6 50. Re6+ Kd7 51. Re4 Rc1 52. g5 Ra1 53. Re5 Rf1+ 54. Kg6 Rf2 55. Rf5 Ra2 56. Rf7+ Ke8 57. Rxa7 Re2 58. Kg7 Rc2 59. g6 Re2 60. Kg8 Ra2 61. g7 Rh2 62. Ra8+ Ke7 63. a6 Rh1 64. a7 Ra1 65. Rf8 1-0

[Event "Bialystok qual"]
[Site "Bialystok"]
[Date "2009.11.07"]
[Round "1"]
[White "Ryszkiewicz, Adam"]
[Black "Wasiluk, Robert"]
[Result "1-0"]
[WhiteElo "1900"]
[BlackElo "1691"]
[PlyCount "39"]
[EventDate "2009.11.07"]
[EventType "swiss"]
[EventRounds "9"]
[EventCountry "POL"]
[SourceTitle "EXT 2012"]
[Source "ChessBase"]
[SourceDate "2011.11.24"]
[SourceVersion "1"]
[SourceVersionDate "2011.11.24"]
[SourceQuality "1"]

1. e4 c6 2. d3 d5 3. Nf3 dxe4 4. Ng5 Nf6 5. Nxe4 Nxe4 6. dxe4 Qxd1+ 7. Kxd1 e5 8. Bd3 Be6 9. Ke2 Nd7 10. Be3 b5 11. a4 b4 12. Nd2 Bc5 13. Bc4 Ke7 14. Rhd1 Rhd8 15. Bxe6 Kxe6 16. Nc4 f6 17. Rxd7 Rxd7 18. Bxc5 Rad8 19. b3 a5 20. Bb6 1-0

[Event "POL-ch U18"]
[Site "Leba"]
[Date "2008.04.02"]
[Round "7"]
[White "Ryszkiewicz, Adam"]
[Black "Kwapisiewicz, Karol"]
[Result "1/2-1/2"]
[WhiteElo "1845"]
[BlackElo "1740"]
[PlyCount "46"]
[EventDate "2008.03.29"]
[EventType "swiss"]
[EventRounds "11"]
[EventCountry "POL"]
[SourceTitle "CBM 123 Extra"]
[Source "ChessBase"]
[SourceDate "2008.05.06"]
[SourceVersion "1"]
[SourceVersionDate "2008.05.06"]
[SourceQuality "1"]

1. e4 e6 2. d3 d5 3. Nd2 dxe4 4. Nxe4 b6 5. Nf3 Bb7 6. Bf4 Be7 7. g3 Nf6 8. Qe2 Nbd7 9. Bg2 Nc5 10. Nxc5 Bxc5 11. 0-0 0-0 12. h4 Bd6 13. Bd2 c5 14. Rad1 Qc7 15. Bg5 Nd7 16. Bc1 h6 17. d4 Rac8 18. dxc5 Qxc5 19. Be3 Qc7 20. Qd2 Ne5 21. Nxe5 Bxe5 22. c3 Rfd8 23. Qe2 Bxg2 1/2-1/2